famous people from the Nordic countries #1 - Statistics

General Stats
  • This quiz has been taken 18 times
  • The average score is 4 of 16
Answer Stats
Picture Answer % Correct
Erling Haaland
63%
Avicii
56%
Brigitte Nielsen
50%
Stellan Skarsgård
50%
Leif Erikson
38%
Björn Ulvaeus
31%
Greta Garbo
25%
Ingmar Bergman
25%
Niels Bohr
25%
Dag Hammarskjöld
19%
Carl von Linné
13%
Caroline Wozniacki
13%
Morten Harket
13%
Tove Jansson
13%
Thor Heyerdahl
6%
Alvar Aalto
0%
No matching quizzes found
Score Distribution
Percent of People with Each Score
Percentile by Number Answered
Your Score History
You have not taken this quiz